000 00373 a2200133 4500
001 91948
082 _aPR 1720
090 _c43895
_d43894
100 _aMuhammad Awais Khan; Prof Abdul Mateen, Advisor
245 _aStudy and Design of Compact and Broadband Patch Antenna
_n64 "B" EC
260 _aRawalpindi
_bNUST
_c2007
300 _a114p
500 _aBE Project Reports
942 _aCAE NUST
_kPR 1720
999 _c327021
_d327021